Vývoj analytickej metódy na stanovenie energetických materiálov vo vzorkách vôd

Gespeichert in:
Bibliographische Detailangaben
1. Verfasser: Bitterová, Iveta (Verfasst von)
Weitere Verfasser: Hrouzková, Svetlana (Betreuung Doktorarbeit)
Format: Manuskript Buch
Sprache:Slowakisch
Veröffentlicht: 2023
Schlagworte:
Online-Zugang:http://is.stuba.sk/zp/portal_zp.pl?podrobnosti=169537
Tags: Tag hinzufügen
Keine Tags, Fügen Sie das erste Tag hinzu!

MARC

LEADER 00000ntm a22000003a 4500
001 stuzp94552
003 SK-STU
005 20230909222454.3
007 ta
008 150427s2015----xo-----f-mn---000-0-slo-d
040 |a STU  |b slo 
041 0 |a slo 
100 1 |a Bitterová, Iveta  |u 041000  |4 aut  |U FCHPT Fakulta chemickej a potravinárskej technológie  |T FCHPT Ústav analytickej chémie  |X 93511  |U C1000  |Y 99  |7 93511 
242 0 1 |a Development of analytical method for determination of energetic materials in water samples  |y eng 
245 1 0 |a Vývoj analytickej metódy na stanovenie energetických materiálov vo vzorkách vôd 
260 |c 2023 
650 4 |a energetické materiály  |2 slo 
650 4 |a GC-µECD  |2 slo 
650 4 |a MEPS  |2 slo 
650 4 |a výbušniny  |2 slo 
650 4 |a voda  |2 slo 
650 4 |a energetic materials  |2 eng 
650 4 |a GC-µECD  |2 eng 
650 4 |a MEPS  |2 eng 
650 4 |a explosives  |2 eng 
650 4 |a water  |2 eng 
700 1 |a Hrouzková, Svetlana  |u 041000  |k Z1  |4 ths  |U FCHPT Fakulta chemickej a potravinárskej technológie  |T FCHPT Ústav analytickej chémie  |X 3892  |U C1000  |Y 99  |7 A000003892 
856 4 |u http://is.stuba.sk/zp/portal_zp.pl?podrobnosti=169537